| 000 | 00674nam a2200217Ia 4500 | ||
|---|---|---|---|
| 003 | OSt | ||
| 005 | 20230801105323.0 | ||
| 008 | 210716s1996 xx 000 0 und d | ||
| 020 | _a8172638507 | ||
| 040 | _cAIMIT LIBRARY | ||
| 041 | _aeng | ||
| 082 |
_a005.1 _21 _bIGNO |
||
| 245 | _aProgramme guide certificate in computing 1996 / | ||
| 250 | _a1st ed. | ||
| 260 |
_aNew Delhi : _bIndira Gandhi National Open University , _c1996. |
||
| 300 |
_a38,39,40,39,65,41p. ; _c29 cm. |
||
| 650 |
_aProgramme objective structure and contents _9128965 |
||
| 650 |
_aForms and formats _9128966 |
||
| 650 |
_aCounselling schedule _9128967 |
||
| 942 |
_2ddc _cBK _e1st ed. _k005.1 IGNO |
||
| 999 |
_c183559 _d183559 |
||